<Die> Analytische Maschine Grundlagen einer Computer - Analytik
Saved in:
| Main Author: | |
|---|---|
| Format: | Book |
| Language: | German |
| Published: |
Berlin
Akademie
1985
|
| Series: | Mathematisch - naturwissenschaftlich Klasse
Bd. 118-Heft 4 |
| Tags: |
No Tags, Be the first to tag this record!
|
MARC
| LEADER | 00000nam a2200000 4500 | ||
|---|---|---|---|
| 001 | c110477 | ||
| 005 | 20041019155146.9 | ||
| 041 | 0 | |a ger | |
| 044 | |a DE | ||
| 245 | 1 | 0 | |a <Die> Analytische Maschine |b Grundlagen einer Computer - Analytik |c Joachim Lehmann |
| 264 | 1 | |a Berlin |b Akademie |c 1985 | |
| 300 | |a 64 s. | ||
| 490 | 1 | |a Mathematisch - naturwissenschaftlich Klasse |v Bd. 118-Heft 4 | |
| 830 | 0 | |a Mathematisch - naturwissenschaftlich Klasse |v Bd. 118-Heft 4 | |
| 100 | 1 | |a Lehmann, Joachim | |